[Event "Vlissingen HZ op 22nd"]
[Site "Vlissingen"]
[Date "2018.08.09"]
[Round "7"]
[White "De Kraker, Johnny"]
[Black "Merbis, Max"]
[Result "0-1"]
[WhiteElo "1942"]
[BlackElo "2136"]
[PlyCount "78"]
[EventDate "2018.08.04"]
[EventType "swiss"]
[EventRounds "9"]
[EventCountry "NED"]
[SourceTitle "CBM 185 Extra"]
[Source "ChessBase"]
[SourceDate "2018.07.29"]
[SourceVersion "1"]
[SourceVersionDate "2018.07.29"]
[SourceQuality "1"]

1. e4 e5 2. Nf3 Nc6 3. Bb5 a6 4. Ba4 Nf6 5. Qe2 b5 6. Bb3 Be7 7. 0-0 0-0 8. c3 d5 9. d3 Be6 10. Nbd2 h6 11. Re1 Re8 12. Nf1 Bd6 13. Ng3 Ne7 14. Nh4 Qd7 15. d4 g5 16. Nf3 Ng6 17. dxe5 Bxe5 18. Nxe5 Nxe5 19. Nh5 Nxh5 20. Qxh5 Kg7 21. Qd1 dxe4 22. Rxe4 Bxb3 23. Qxb3 Qd3 24. Rd4 Nc6 25. Be3 Nxd4 26. Bxd4+ Kg8 27. Rd1 Qf5 28. Rf1 Rad8 29. Qa3 Re6 30. Qa5 Rd7 31. a4 Qd5 32. axb5 Qxb5 33. Qxb5 axb5 34. b4 f5 35. h3 Rde7 36. g3 Re1 37. f4 Kf7 38. Be5 Rxf1+ 39. Kxf1 Rxe5 0-1

[Event "Maarssen OKU op-B"]
[Site "Maarssen"]
[Date "2013.05.31"]
[Round "1"]
[White "De Kraker, Johnny"]
[Black "Amende, Cas"]
[Result "1-0"]
[WhiteElo "1784"]
[BlackElo "1631"]
[PlyCount "41"]
[EventDate "2013.05.31"]
[EventType "swiss"]
[EventRounds "6"]
[EventCountry "NED"]
[SourceTitle "EXT 2015"]
[Source "ChessBase"]
[SourceDate "2014.11.20"]
[SourceVersion "1"]
[SourceVersionDate "2014.11.20"]
[SourceQuality "1"]

1. e4 d6 2. d4 Nf6 3. Nc3 g6 4. Bg5 Bg7 5. Qd2 0-0 6. 0-0-0 c6 7. f3 b5 8. g4 b4 9. Nce2 Qa5 10. Kb1 Bxg4 11. Bxf6 Be6 12. d5 Bxd5 13. exd5 Bxf6 14. h4 h5 15. Nf4 c5 16. Bh3 Na6 17. Nge2 c4 18. Nxh5 Be5 19. Qh6 c3 20. Be6 b3 21. Qxg6+ 1-0